<?xml version="1.0" encoding="UTF-8"?><?xml-stylesheet type="text/xsl" href="static/style.xsl"?><OAI-PMH xmlns="http://www.openarchives.org/OAI/2.0/" xmlns:xsi="http://www.w3.org/2001/XMLSchema-instance" xsi:schemaLocation="http://www.openarchives.org/OAI/2.0/ http://www.openarchives.org/OAI/2.0/OAI-PMH.xsd"><responseDate>2026-04-14T16:24:35Z</responseDate><request verb="GetRecord" identifier="oai:uvadoc.uva.es:10324/36741" metadataPrefix="marc">https://uvadoc.uva.es/oai/request</request><GetRecord><record><header><identifier>oai:uvadoc.uva.es:10324/36741</identifier><datestamp>2021-06-29T23:48:59Z</datestamp><setSpec>com_10324_38</setSpec><setSpec>col_10324_852</setSpec></header><metadata><record xmlns="http://www.loc.gov/MARC21/slim" xmlns:doc="http://www.lyncode.com/xoai" xmlns:xsi="http://www.w3.org/2001/XMLSchema-instance" xmlns:dcterms="http://purl.org/dc/terms/" xsi:schemaLocation="http://www.loc.gov/MARC21/slim http://www.loc.gov/standards/marcxml/schema/MARC21slim.xsd">
<leader>00925njm 22002777a 4500</leader>
<datafield tag="042" ind1=" " ind2=" ">
<subfield code="a">dc</subfield>
</datafield>
<datafield tag="720" ind1=" " ind2=" ">
<subfield code="a">Pérez Domínguez, Raquel</subfield>
<subfield code="e">author</subfield>
</datafield>
<datafield tag="260" ind1=" " ind2=" ">
<subfield code="c">2019</subfield>
</datafield>
<datafield tag="520" ind1=" " ind2=" ">
<subfield code="a">El presente Trabajo Fin de Grado pretende contribuir al desarrollo de las energías renovables y consiste en el análisis mediante dinámica de fluidos computacional (CFD) de turbinas de eje vertical, que permitan obtener energía eléctrica aprovechando las corrientes fluviales. El desarrollo de este estudio se realiza mediante el software Ansys Fluent y se centra en la metodología seguida para la construcción de un modelo numérico transitorio en 2D de un hidrogenerador tipo H-Darrieus, con tres álabes, usando perfiles NACA 0020.</subfield>
</datafield>
<datafield tag="024" ind2=" " ind1="8">
<subfield code="a">http://uvadoc.uva.es/handle/10324/36741</subfield>
</datafield>
<datafield ind1=" " ind2=" " tag="653">
<subfield code="a">Turbinas hidráulicas</subfield>
</datafield>
<datafield ind1=" " ind2=" " tag="653">
<subfield code="a">Energías renovables</subfield>
</datafield>
<datafield tag="245" ind1="0" ind2="0">
<subfield code="a">Modelado CFD de turbinas de eje vertical para aprovechamiento de corrientes.</subfield>
</datafield>
</record></metadata></record></GetRecord></OAI-PMH>